[Event "First Saturday IM-A May2013"]
[Site "Budapest"]
[Date "2013.05.04"]
[Round "1.1"]
[White "Silapov, Azat"]
[Black "Kantor, Gergely"]
[Result "0-1"]
[WhiteElo "2307"]
[BlackElo "2341"]
[PlyCount "81"]
[EventDate "2013.05.04"]

1. e4 c5 2. Nf3 d6 3. c3 Nf6 4. Be2 Bd7 5. d3 Nc6 6. O-O e5 7. Nbd2 Be7 8. Nc4
O-O 9. Bg5 Be6 10. Qc2 h6 11. Bh4 Nd7 12. Bxe7 Qxe7 13. Ne3 Nf6 14. Nh4 d5 15.
g3 Rac8 16. Bf3 Rfd8 17. Bg2 d4 18. Nef5 Qf8 19. f4 g6 20. fxe5 Nxe5 21. Nxh6+
Qxh6 22. Rxf6 Ng4 23. Rff1 g5 24. Nf3 Ne3 25. Qd2 Nxf1 26. Rxf1 dxc3 27. bxc3
f6 28. d4 Qg7 29. d5 Bf7 30. c4 Bh5 31. Ne1 Re8 32. Nc2 Bg6 33. d6 Rcd8 34. Ne3
Re6 35. e5 Kh8 36. Ng4 fxe5 37. Qxg5 Rf8 38. Bd5 Ree8 39. Qh4+ Qh7 40. Qg5 Qg7
41. h4 0-1

[Event "First Saturday IM-A May2013"]
[Site "Budapest"]
[Date "2013.05.04"]
[Round "1.2"]
[White "Aryan, Chopra"]
[Black "Radlovacki, Jovan"]
[Result "0-1"]
[WhiteElo "2120"]
[BlackElo "2423"]
[PlyCount "64"]
[EventDate "2013.05.04"]

1. e4 c6 2. d4 d5 3. Nd2 dxe4 4. Nxe4 Nf6 5. Nxf6+ exf6 6. Nf3 Bd6 7. Be2 O-O
8. O-O Re8 9. Be3 Nd7 10. c4 Nf8 11. Qd2 Ng6 12. Rfe1 Bg4 13. h3 Be6 14. Rad1
Qe7 15. a3 Rad8 16. Qc1 Bb8 17. Bd3 Qc7 18. Qc2 Qc8 19. Bf1 Bf5 20. Qc3 Qc7 21.
g3 h5 22. Bg2 h4 23. g4 Be4 24. Bc1 Re7 25. Re2 c5 26. d5 Qd6 27. Rde1 Rde8 28.
Kf1 Nf4 29. Bxf4 Qxf4 30. Qe3 Bxf3 31. Qxf3 Rxe2 32. Rxe2 Qc1+ 0-1

[Event "First Saturday IM-A May2013"]
[Site "Budapest"]
[Date "2013.05.04"]
[Round "1.3"]
[White "Amdouni, Zoubaier"]
[Black "Bouzidi, Ahmed"]
[Result "1/2-1/2"]
[WhiteElo "2249"]
[BlackElo "2161"]
[PlyCount "26"]
[EventDate "2013.05.04"]

1. d4 Nf6 2. c4 g6 3. Nc3 d5 4. cxd5 Nxd5 5. e4 Nxc3 6. bxc3 Bg7 7. Be3 c5 8.
Qd2 O-O 9. h3 Qa5 10. Nf3 cxd4 11. cxd4 Qxd2+ 12. Bxd2 Nc6 13. e5 Rd8 1/2-1/2

[Event "First Saturday IM-A May2013"]
[Site "Budapest"]
[Date "2013.05.04"]
[Round "1.4"]
[White "Bayramgeldiyev, Yusup"]
[Black "Krumpacnik, Domen"]
[Result "0-1"]
[WhiteElo "2250"]
[BlackElo "2327"]
[PlyCount "90"]
[EventDate "2013.05.04"]

1. d4 Nf6 2. c4 e6 3. Nc3 Bb4 4. e3 Nc6 5. Nf3 d6 6. a3 Bxc3+ 7. bxc3 O-O 8.
Bd3 e5 9. d5 Na5 10. e4 Qe8 11. Be3 Ng4 12. O-O f5 13. Qe2 Nf6 14. Bg5 fxe4 15.
Bxe4 Nxe4 16. Qxe4 h6 17. Be3 Bf5 18. Qh4 Bd3 19. Rfe1 Nxc4 20. Rad1 Qg6 21.
Qh3 Bf5 22. Nh4 Qg4 23. Qxg4 Bxg4 24. Rb1 b6 25. Bc1 Bh5 26. Rb4 Na5 27. g4 Bf7
28. Nf5 Kh7 29. c4 Bg6 30. Ne3 Rf4 31. h3 Raf8 32. Re2 Bd3 33. Rd2 Bxc4 34. Rc2
b5 35. Nf5 Rf3 36. Rxb5 Bxb5 37. Rxc7 R8xf5 38. gxf5 a6 39. Bd2 Nc4 40. Bb4 a5
41. a4 Bxa4 42. Rxc4 axb4 43. Rxb4 Bb3 44. Rb6 Bxd5 45. Rxd6 Be4 0-1

[Event "First Saturday IM-A May2013"]
[Site "Budapest"]
[Date "2013.05.04"]
[Round "1.5"]
[White "Petran, Pal"]
[Black "Lyell, Mark"]
[Result "1/2-1/2"]
[WhiteElo "2317"]
[BlackElo "2227"]
[PlyCount "109"]
[EventDate "2013.05.04"]

1. Nf3 f5 2. d4 Nf6 3. g3 e6 4. Bg2 Be7 5. O-O O-O 6. c3 Nc6 7. Nbd2 d6 8. b4
Qe8 9. Bb2 Qh5 10. e3 Bd7 11. b5 Nd8 12. a4 Nf7 13. c4 Rae8 14. Nb3 Qh6 15. Re1
Bc8 16. Nbd2 Ne4 17. Qc2 Nxd2 18. Qxd2 g5 19. e4 f4 20. gxf4 g4 21. Ng5 Nxg5
22. fxg5 Bxg5 23. Qe2 e5 24. Ra3 Bf4 25. Rg3 Re7 26. Rd1 Be6 27. Qc2 Qg5 28. c5
dxc5 29. d5 Bc8 30. Qxc5 b6 31. Qc4 Bxg3 32. hxg3 Ref7 33. Bc1 Qe7 34. Be3 Bb7
35. Qc3 Ra8 36. a5 h5 37. Qd2 Kh7 38. Bf1 Rg8 39. a6 Bc8 40. Be2 Rg6 41. Kg2
Kg8 42. Rh1 Rh7 43. Qc3 Qf6 44. Bc1 h4 45. gxh4 Rxh4 46. Qxc7 Rxh1 47. Qxc8+
Kh7 48. Kxh1 Qxf2 49. Qd7+ Kh8 50. Qe8+ Kh7 51. Qd7+ Kh8 52. Qe8+ Kh7 53. Qd7+
Kh8 54. Qe8+ Kh7 55. Qd7+ 1/2-1/2

[Event "First Saturday IM-A May2013"]
[Site "Budapest"]
[Date "2013.05.05"]
[Round "2.1"]
[White "Kantor, Gergely"]
[Black "Lyell, Mark"]
[Result "1-0"]
[WhiteElo "2341"]
[BlackElo "2227"]
[PlyCount "79"]
[EventDate "2013.05.04"]

1. d4 f5 2. g3 Nf6 3. Bg2 e6 4. c4 Be7 5. Nf3 O-O 6. O-O d6 7. b3 Qe8 8. Bb2
Ne4 9. Nbd2 Nd7 10. Ne1 Ndf6 11. Nd3 Bd7 12. f3 Nxd2 13. Qxd2 Qh5 14. e4 fxe4
15. fxe4 e5 16. dxe5 dxe5 17. Nxe5 Bc5+ 18. Kh1 Bh3 19. Bxh3 Qxh3 20. Rxf6 Rxf6
21. Qd5+ Kh8 22. Nf7+ Rxf7 23. Qxf7 Qg4 24. Qf5 Qxf5 25. exf5 Re8 26. Rd1 Kg8
27. Bc3 Re3 28. Rd8+ Kf7 29. Bd2 Re2 30. Bf4 Rxa2 31. Rd7+ Kf6 32. Rxc7 b6 33.
g4 h5 34. Rc6+ Kf7 35. g5 h4 36. g6+ Kf8 37. Rc8+ Ke7 38. Bg5+ Kd7 39. Rd8+ Kc7
40. Rd3 1-0

[Event "First Saturday IM-A May2013"]
[Site "Budapest"]
[Date "2013.05.05"]
[Round "2.2"]
[White "Krumpacnik, Domen"]
[Black "Petran, Pal"]
[Result "1/2-1/2"]
[WhiteElo "2327"]
[BlackElo "2317"]
[PlyCount "75"]
[EventDate "2013.05.04"]

1. d4 Nf6 2. Nf3 e6 3. Bf4 b6 4. e3 Bb7 5. Nbd2 c5 6. c3 Be7 7. h3 O-O 8. Bd3
cxd4 9. cxd4 d6 10. O-O Nc6 11. Qb1 Nb4 12. Be2 Qd7 13. a3 Ba6 14. Bxa6 Nxa6
15. Qd3 Qb7 16. Rac1 Rac8 17. Bg3 Nb8 18. Bh4 Rxc1 19. Rxc1 Rc8 20. Rxc8+ Qxc8
21. Qc4 Qxc4 22. Nxc4 d5 23. Nce5 Kf8 24. Kf1 Ne4 25. Bxe7+ Kxe7 26. Ke2 f6 27.
Nd3 Nc6 28. Nfe1 Na5 29. Nc2 Nb3 30. Kd1 g5 31. f3 Nd6 32. Nc1 Na5 33. b3 e5
34. Kd2 h5 35. Nb4 Ke6 36. Na6 Kd7 37. Nb4 Ke6 38. Na6 1/2-1/2

[Event "First Saturday IM-A May2013"]
[Site "Budapest"]
[Date "2013.05.05"]
[Round "2.3"]
[White "Bouzidi, Ahmed"]
[Black "Bayramgeldiyev, Yusup"]
[Result "1-0"]
[WhiteElo "2161"]
[BlackElo "2250"]
[PlyCount "89"]
[EventDate "2013.05.04"]

1. e4 c5 2. c3 Nf6 3. e5 Nd5 4. Bc4 Nb6 5. Bb3 e6 6. Nf3 d6 7. O-O dxe5 8. Nxe5
Bd6 9. f4 O-O 10. Na3 a6 11. Qe2 Nd5 12. Nac4 Bc7 13. a4 f6 14. Nd3 b6 15. Ne3
Bb7 16. a5 Re8 17. f5 Kh8 18. axb6 Bxb6 19. Ra4 Nxe3 20. dxe3 Bd5 21. Bxd5 Qxd5
22. Rh4 Nd7 23. c4 Qd6 24. Qh5 Nf8 25. Nf4 exf5 26. Ng6+ Kg8 27. Nxf8 Kxf8 28.
Rd1 Qe6 29. Qxh7 Rad8 30. Rf1 Bc7 31. Qg6 Qg8 32. b3 Be5 33. Ba3 Bd6 34. Qxf5
Re5 35. Qg6 Ke7 36. Bb2 Re6 37. Rh7 Kf8 38. Bxf6 Rxf6 39. Rxf6+ gxf6 40. Qxf6+
Ke8 41. Rg7 Qxg7 42. Qxg7 Rd7 43. Qg8+ Ke7 44. h4 Be5 45. h5 1-0

[Event "First Saturday IM-A May2013"]
[Site "Budapest"]
[Date "2013.05.05"]
[Round "2.4"]
[White "Radlovacki, Jovan"]
[Black "Amdouni, Zoubaier"]
[Result "0-1"]
[WhiteElo "2423"]
[BlackElo "2249"]
[PlyCount "32"]
[EventDate "2013.05.04"]

1. e4 c5 2. Nf3 Nc6 3. Bb5 e6 4. Bxc6 bxc6 5. Qe2 Ne7 6. d3 Ng6 7. O-O Be7 8.
Ne1 e5 9. Qh5 d6 10. Nf3 h6 11. Nc3 Nf4 12. Bxf4 g6 13. Qxh6 Rxh6 14. Bxh6 g5
15. Ne2 f6 16. h4 Kf7 0-1

[Event "First Saturday IM-A May2013"]
[Site "Budapest"]
[Date "2013.05.05"]
[Round "2.5"]
[White "Silapov, Azat"]
[Black "Aryan, Chopra"]
[Result "1/2-1/2"]
[WhiteElo "2307"]
[BlackElo "2120"]
[PlyCount "69"]
[EventDate "2013.05.04"]

1. e4 c5 2. Nc3 d6 3. f4 g6 4. Nf3 Bg7 5. Bc4 Nc6 6. O-O Nf6 7. Qe1 O-O 8. d3
Nd4 9. Nxd4 cxd4 10. Nd1 e6 11. Bb3 b6 12. Qg3 Bb7 13. f5 exf5 14. exf5 d5 15.
Bg5 h6 16. Bd2 Kh7 17. Nf2 gxf5 18. Nh3 Qd7 19. Qh4 Ng4 20. Bf4 Rae8 21. Rf3
Re2 22. Raf1 Rfe8 23. Bc1 R2e5 24. Nf4 Qe7 25. Qh5 Ne3 26. Bxe3 dxe3 27. d4 e2
28. Re1 Re3 29. c3 Qe4 30. Qh3 Rxf3 31. Qxf3 Re7 32. Rxe2 Qb1+ 33. Kf2 Rxe2+
34. Qxe2 Qe4 35. Nd3 1/2-1/2

[Event "First Saturday IM-A May2013"]
[Site "Budapest"]
[Date "2013.05.06"]
[Round "3.1"]
[White "Aryan, Chopra"]
[Black "Kantor, Gergely"]
[Result "0-1"]
[WhiteElo "2120"]
[BlackElo "2341"]
[PlyCount "56"]
[EventDate "2013.05.04"]

1. e4 c5 2. Nf3 d6 3. d4 cxd4 4. Nxd4 Nf6 5. Nc3 e6 6. g4 h6 7. Be3 a6 8. Bg2
g5 9. Qe2 Nbd7 10. O-O-O Ne5 11. h3 Nfd7 12. f4 gxf4 13. Bxf4 b5 14. Kb1 Bb7
15. Rhf1 Qc7 16. Qf2 O-O-O 17. Nf3 Nc4 18. Bc1 Bg7 19. Nd4 Nde5 20. b3 Qa5 21.
Qe1 Na3+ 22. Kb2 Nec4+ 23. bxc4 Qb4+ 24. Nb3 Bxc3+ 25. Qxc3 Nxc4+ 26. Qxc4+
bxc4 27. Rd4 e5 28. Bd2 Qa4 0-1

[Event "First Saturday IM-A May2013"]
[Site "Budapest"]
[Date "2013.05.06"]
[Round "3.2"]
[White "Amdouni, Zoubaier"]
[Black "Silapov, Azat"]
[Result "1/2-1/2"]
[WhiteElo "2249"]
[BlackElo "2307"]
[PlyCount "59"]
[EventDate "2013.05.04"]

1. e4 e5 2. Nf3 Nc6 3. Bb5 a6 4. Ba4 Nf6 5. O-O Be7 6. Re1 b5 7. Bb3 d6 8. c3
O-O 9. h3 Na5 10. Bc2 c5 11. d4 Qc7 12. Nbd2 Bd7 13. Nf1 cxd4 14. cxd4 Rac8 15.
Re2 Nc6 16. Ng3 Nb4 17. Bb3 a5 18. Bd2 Nc6 19. Rc1 a4 20. Bd5 Qb8 21. Bxc6 Rxc6
22. Rxc6 Bxc6 23. Nf5 Re8 24. Qc2 Bd7 25. Nxe7+ Rxe7 26. Bb4 Re8 27. Qd3 d5 28.
Nxe5 dxe4 29. Qa3 Be6 30. Bc5 1/2-1/2

[Event "First Saturday IM-A May2013"]
[Site "Budapest"]
[Date "2013.05.06"]
[Round "3.3"]
[White "Bayramgeldiyev, Yusup"]
[Black "Radlovacki, Jovan"]
[Result "0-1"]
[WhiteElo "2250"]
[BlackElo "2423"]
[PlyCount "72"]
[EventDate "2013.05.04"]

1. d4 Nf6 2. c4 e6 3. Nc3 Bb4 4. e3 O-O 5. Bd3 d5 6. Nge2 dxc4 7. Bxc4 e5 8. a3
Ba5 9. b4 exd4 10. Nxd4 Bb6 11. O-O c6 12. Bb2 Nbd7 13. Nf3 Qe7 14. Qe2 Bc7 15.
Rad1 a6 16. h3 Re8 17. Rfe1 b5 18. Bd3 a5 19. bxa5 Bxa5 20. Nd4 Nb8 21. Qc2 g6
22. e4 Bb7 23. Re3 Nbd7 24. Nce2 Ne5 25. Ng3 Rad8 26. Qc1 Nc4 27. Bxc4 bxc4 28.
Ngf5 Qe5 29. Rg3 c3 30. Qh6 Nxe4 31. Rg4 c5 32. Rh4 gxf5 33. Qxh7+ Kf8 34. Qh8+
Qxh8 35. Rxh8+ Kg7 36. Nxf5+ Kf6 0-1

[Event "First Saturday IM-A May2013"]
[Site "Budapest"]
[Date "2013.05.06"]
[Round "3.4"]
[White "Petran, Pal"]
[Black "Bouzidi, Ahmed"]
[Result "0-1"]
[WhiteElo "2317"]
[BlackElo "2161"]
[PlyCount "47"]
[EventDate "2013.05.04"]

1. d4 Nf6 2. Nf3 e6 3. c4 b6 4. g3 Bb7 5. Bg2 Be7 6. O-O O-O 7. Nc3 Ne4 8. Bd2
d5 9. cxd5 exd5 10. Rc1 Nd7 11. Bf4 c5 12. dxc5 Nxc3 13. bxc3 Nxc5 14. Ne5 Ne4
15. Qb3 f5 16. Rfd1 Rc8 17. Bxe4 fxe4 18. c4 d4 19. Be3 Bc5 20. Qb2 dxe3 21.
Rxd8 Rcxd8 22. Ng4 exf2+ 23. Kf1 h5 24. Ne5 0-1

[Event "First Saturday IM-A May2013"]
[Site "Budapest"]
[Date "2013.05.06"]
[Round "3.5"]
[White "Lyell, Mark"]
[Black "Krumpacnik, Domen"]
[Result "1/2-1/2"]
[WhiteElo "2227"]
[BlackElo "2327"]
[PlyCount "80"]
[EventDate "2013.05.04"]

1. e4 e6 2. d4 d5 3. Nc3 dxe4 4. Nxe4 Nd7 5. g3 Ngf6 6. Nxf6+ Qxf6 7. Nf3 h6 8.
Bg2 Bd6 9. O-O O-O 10. Re1 e5 11. Nd2 exd4 12. Ne4 Qg6 13. Nxd6 Qxd6 14. Bf4
Qb6 15. a4 c5 16. a5 Qa6 17. b4 Nf6 18. bxc5 Rd8 19. Bd6 Bf5 20. Qxd4 Ne8 21.
Qf4 Nxd6 22. cxd6 Be6 23. Red1 Rac8 24. Qb4 Rd7 25. Bf1 Bc4 26. Bh3 Be6 27. Bf1
Bc4 28. Bh3 Be6 29. Bxe6 fxe6 30. Rd2 Qc4 31. Ra4 Qxb4 32. Rxb4 Rc5 33. Ra4 Kf7
34. a6 b6 35. f4 Rc6 36. Rad4 b5 37. Rb4 Rxa6 38. Rxb5 Raxd6 39. Rxd6 Rxd6 40.
Rb7+ Kf6 1/2-1/2

[Event "First Saturday IM-A May2013"]
[Site "Budapest"]
[Date "2013.05.07"]
[Round "4.1"]
[White "Kantor, Gergely"]
[Black "Krumpacnik, Domen"]
[Result "1-0"]
[WhiteElo "2341"]
[BlackElo "2327"]
[PlyCount "83"]
[EventDate "2013.05.04"]

1. d4 Nf6 2. c4 e6 3. Nf3 Bb4+ 4. Bd2 Qe7 5. g3 Bxd2+ 6. Qxd2 d6 7. Bg2 O-O 8.
O-O e5 9. Nc3 c6 10. e4 Re8 11. h3 Qc7 12. Rad1 Nbd7 13. Rfe1 a5 14. b3 Qb6 15.
Re3 Nf8 16. Rd3 Qc7 17. dxe5 dxe5 18. c5 b6 19. cxb6 Qxb6 20. Rd8 Bb7 21. Rxa8
Bxa8 22. Na4 Qa7 23. Nh4 Ne6 24. Qd6 h6 25. Qxe5 Ng5 26. Qc5 Qc7 27. Qb6 Qc8
28. Nf5 Qe6 29. Nc5 Qe5 30. f4 Nxh3+ 31. Bxh3 Qc3 32. Na4 Qf3 33. Rf1 Qxe4 34.
Qd4 Qc2 35. Qb2 Qd3 36. Nc5 Qb5 37. Qc3 Qe2 38. Bg2 Qh5 39. Nh4 Qe2 40. Bf3
Qxa2 41. Ra1 Re3 42. Qc1 1-0

[Event "First Saturday IM-A May2013"]
[Site "Budapest"]
[Date "2013.05.07"]
[Round "4.2"]
[White "Bouzidi, Ahmed"]
[Black "Lyell, Mark"]
[Result "1/2-1/2"]
[WhiteElo "2161"]
[BlackElo "2227"]
[PlyCount "134"]
[EventDate "2013.05.04"]

1. e4 c6 2. d4 d5 3. f3 Qb6 4. Nc3 dxe4 5. fxe4 e5 6. Nf3 exd4 7. Nxd4 Bc5 8.
Na4 Qa5+ 9. c3 Be7 10. b4 Qc7 11. g3 Bd6 12. Qf3 Nf6 13. Bg2 Bg4 14. Qf2 Nbd7
15. O-O O-O 16. Bf4 Rfe8 17. h3 Bh5 18. Rae1 Bg6 19. Bxd6 Qxd6 20. Nf5 Bxf5 21.
exf5 Rxe1 22. Rxe1 a5 23. Nc5 axb4 24. cxb4 Nxc5 25. bxc5 Qd3 26. Re2 h6 27.
Rd2 Qc3 28. Rc2 Qa1+ 29. Kh2 Re8 30. Re2 Rxe2 31. Qxe2 Kf8 32. Qd3 Qe5 33. Qd8+
Qe8 34. Qd6+ Kg8 35. a4 Qd7 36. Qb8+ Kh7 37. a5 Nd5 38. Qd6 Qxf5 39. a6 bxa6
40. Qxc6 Nc3 41. Qd6 Nb5 42. Qe7 Qf2 43. c6 Nd4 44. h4 Qxg3+ 45. Kxg3 Nf5+ 46.
Kf4 Nxe7 47. Be4+ Kg8 48. Ke5 a5 49. Kd6 Kf8 50. Bc2 g5 51. c7 g4 52. Kc5 g3
53. Be4 f5 54. Bf3 Kf7 55. Kb5 Ke6 56. Kxa5 Nc8 57. Ka6 Ke5 58. Bb7 Kd6 59.
Bxc8 Kxc7 60. Bb7 Kd6 61. Kb5 Ke5 62. Kc4 Kf4 63. Kd3 Kg4 64. Ke3 Kxh4 65. Kf4
Kh3 66. Kxf5 g2 67. Bxg2+ Kxg2 1/2-1/2

[Event "First Saturday IM-A May2013"]
[Site "Budapest"]
[Date "2013.05.07"]
[Round "4.3"]
[White "Radlovacki, Jovan"]
[Black "Petran, Pal"]
[Result "1-0"]
[WhiteElo "2423"]
[BlackElo "2317"]
[PlyCount "65"]
[EventDate "2013.05.04"]

1. d4 Nf6 2. Nf3 e6 3. Bf4 b6 4. Nbd2 Bb7 5. e3 c5 6. c3 cxd4 7. cxd4 Be7 8.
Bd3 O-O 9. O-O Nc6 10. a3 d6 11. h3 a6 12. Rc1 Rc8 13. Bb1 b5 14. Qe2 Qb6 15.
Qd3 Nb8 16. e4 d5 17. e5 Ne4 18. Rfd1 Nd7 19. Nf1 a5 20. N3d2 Rxc1 21. Rxc1 f5
22. exf6 Bxf6 23. Be3 g6 24. Nxe4 dxe4 25. Qd1 Bg7 26. Ng3 Nf6 27. d5 Qa6 28.
dxe6 Qxe6 29. Rc7 Rf7 30. Qd8+ Ne8 31. Rxf7 Kxf7 32. Qxa5 Qb3 33. Qa7 1-0

[Event "First Saturday IM-A May2013"]
[Site "Budapest"]
[Date "2013.05.07"]
[Round "4.4"]
[White "Silapov, Azat"]
[Black "Bayramgeldiyev, Yusup"]
[Result "0-1"]
[WhiteElo "2307"]
[BlackElo "2250"]
[PlyCount "66"]
[EventDate "2013.05.04"]

1. e4 e5 2. Nf3 Nc6 3. Bc4 Bc5 4. O-O Nf6 5. c3 Nxe4 6. d4 exd4 7. cxd4 d5 8.
dxc5 dxc4 9. Qe2 Qd3 10. Re1 f5 11. Nc3 O-O 12. Nxe4 fxe4 13. Qxe4 Bf5 14. Qh4
Rae8 15. Bd2 Re4 16. Rxe4 Bxe4 17. Ng5 Qxd2 18. Nxe4 Qxb2 19. Re1 h6 20. Qh3
Qxa2 21. Qe6+ Kh8 22. h3 a5 23. Kh2 a4 24. Re3 a3 25. Rf3 Ra8 26. Rf6 Qb2 27.
Rxh6+ gxh6 28. Qxh6+ Kg8 29. Qg6+ Kf8 30. Ng5 Qe5+ 31. g3 Nd8 32. Qh6+ Qg7 33.
Qh4 a2 0-1

[Event "First Saturday IM-A May2013"]
[Site "Budapest"]
[Date "2013.05.07"]
[Round "4.5"]
[White "Aryan, Chopra"]
[Black "Amdouni, Zoubaier"]
[Result "0-1"]
[WhiteElo "2120"]
[BlackElo "2249"]
[PlyCount "67"]
[EventDate "2013.05.04"]

1. e4 c5 2. Nf3 Nc6 3. d4 cxd4 4. Nxd4 e5 5. Nb5 d6 6. N1c3 a6 7. Na3 b5 8. Nd5
Nf6 9. c4 Nxd5 10. cxd5 Nd4 11. Be3 Be7 12. Bxd4 exd4 13. Bd3 O-O 14. O-O g6
15. Nc2 Qb6 16. Qd2 Bf6 17. f4 Bd7 18. Rae1 Rae8 19. Kh1 Bh4 20. g3 Bf6 21. Qg2
h5 22. f5 Kg7 23. Rf3 g5 24. g4 Rh8 25. Rg1 Be5 26. Rh3 hxg4 27. Qxg4 f6 28.
Rg2 b4 29. Ne1 Rxh3 30. Qxh3 Rh8 31. Qg4 b3 32. axb3 Qxb3 33. Bxa6 Rh3 34. Bf1
0-1

[Event "First Saturday IM-A May2013"]
[Site "Budapest"]
[Date "2013.05.08"]
[Round "5.1"]
[White "Amdouni, Zoubaier"]
[Black "Kantor, Gergely"]
[Result "1/2-1/2"]
[WhiteElo "2249"]
[BlackElo "2341"]
[PlyCount "40"]
[EventDate "2013.05.04"]

1. e4 e6 2. d3 c5 3. Nf3 Nc6 4. g3 g6 5. Bg2 Bg7 6. O-O Nge7 7. Re1 O-O 8. c3
e5 9. a3 d6 10. b4 a6 11. Nbd2 h6 12. Nc4 b5 13. Ne3 Be6 14. Nd2 a5 15. bxa5
Rxa5 16. Nd5 f5 17. a4 Bf7 18. Bb2 Nxd5 19. exd5 Ne7 20. c4 Rxa4 1/2-1/2

[Event "First Saturday IM-A May2013"]
[Site "Budapest"]
[Date "2013.05.08"]
[Round "5.3"]
[White "Petran, Pal"]
[Black "Silapov, Azat"]
[Result "1-0"]
[WhiteElo "2317"]
[BlackElo "2307"]
[PlyCount "91"]
[EventDate "2013.05.04"]

1. c4 d6 2. Nf3 g6 3. d4 Bg7 4. Nc3 Bg4 5. e3 e5 6. dxe5 dxe5 7. Qxd8+ Kxd8 8.
Be2 c6 9. O-O Nd7 10. Rd1 Kc7 11. Rb1 Bxf3 12. gxf3 f5 13. b3 Ngf6 14. Na4 Rhe8
15. Bb2 Bf8 16. Bc3 a6 17. Nb2 a5 18. Na4 b6 19. Bb2 Rad8 20. h3 Nh5 21. Bc3
Bb4 22. Bb2 Nhf6 23. a3 Bd6 24. Ra1 Nc5 25. Nxc5 Bxc5 26. Rxd8 Kxd8 27. f4 Nd7
28. fxe5 Nxe5 29. b4 Bd6 30. Bc3 Bc7 31. Rb1 axb4 32. axb4 Nd7 33. Bf3 Be5 34.
Bd4 Kc7 35. Ra1 Rc8 36. Ra7+ Kd6 37. Rxd7+ Kxd7 38. Bxe5 Re8 39. Bd4 c5 40.
bxc5 bxc5 41. Bc3 Kd6 42. Bd5 g5 43. Kg2 Re7 44. Bf6 Ra7 45. Kg3 h6 46. h4 1-0

[Event "First Saturday IM-A May2013"]
[Site "Budapest"]
[Date "2013.05.08"]
[Round "5.4"]
[White "Lyell, Mark"]
[Black "Radlovacki, Jovan"]
[Result "1/2-1/2"]
[WhiteElo "2227"]
[BlackElo "2423"]
[PlyCount "70"]
[EventDate "2013.05.04"]

1. e4 c6 2. d4 d5 3. exd5 cxd5 4. c4 Nf6 5. Nc3 g6 6. Qb3 Bg7 7. cxd5 O-O 8.
Be2 Na6 9. Bf3 Qb6 10. Qxb6 axb6 11. Nge2 Nb4 12. O-O Rd8 13. d6 exd6 14. Bg5
h6 15. Bxf6 Bxf6 16. Rfd1 Bg7 17. a3 Nc6 18. Nd5 Ra6 19. b4 b5 20. Nc7 Rb6 21.
a4 bxa4 22. Nd5 Rb5 23. Rxa4 Bf5 24. Rd2 Bd7 25. g3 Kf8 26. Bg2 Rc8 27. h4 Nxd4
28. Nxd4 Rxd5 29. Bxd5 Bxa4 30. h5 Bxd4 31. Rxd4 Rc1+ 32. Kg2 Bc6 33. hxg6 fxg6
34. Bxc6 bxc6 35. Rxd6 Kf7 1/2-1/2

[Event "First Saturday IM-A May2013"]
[Site "Budapest"]
[Date "2013.05.08"]
[Round "5.5"]
[White "Krumpacnik, Domen"]
[Black "Bouzidi, Ahmed"]
[Result "0-1"]
[WhiteElo "2327"]
[BlackElo "2161"]
[PlyCount "69"]
[EventDate "2013.05.04"]

1. c4 e5 2. Nc3 Nf6 3. g3 Nc6 4. Bg2 Bc5 5. e3 d6 6. Nge2 O-O 7. O-O a6 8. Nd5
Re8 9. d4 Ba7 10. h3 Bf5 11. Kh2 exd4 12. Nxd4 Be4 13. Bxe4 Nxe4 14. Nxc6 bxc6
15. Nf4 a5 16. Qc2 Qf6 17. Rb1 a4 18. b4 axb3 19. axb3 Bb6 20. Bb2 Ra2 21. Kg2
Qf5 22. Rfe1 Ba5 23. Re2 Qc5 24. Nd3 Qh5 25. b4 Bb6 26. Nf4 Qg5 27. Ree1 h5 28.
h4 Qg4 29. Ne2 Nxf2 30. c5 Rxe3 31. Kxf2 Qf3+ 32. Kg1 dxc5 33. bxc5 Ba5 34. Rf1
Qxe2 35. Qf5 0-1

[Event "First Saturday IM-A May2013"]
[Site "Budapest"]
[Date "2013.05.09"]
[Round "6.1"]
[White "Kantor, Gergely"]
[Black "Bouzidi, Ahmed"]
[Result "0-1"]
[WhiteElo "2341"]
[BlackElo "2161"]
[PlyCount "78"]
[EventDate "2013.05.04"]

1. d4 Nf6 2. c4 e6 3. Nf3 b6 4. g3 Bb7 5. Bg2 Be7 6. Nc3 Ne4 7. Bd2 O-O 8. d5
f5 9. Qc2 Nxd2 10. Qxd2 Na6 11. O-O Bf6 12. Nd4 g6 13. e4 e5 14. Nc2 f4 15. b4
Qe7 16. Rab1 d6 17. Bh3 Bg5 18. Qd3 Nb8 19. a4 Nd7 20. a5 bxa5 21. c5 Bc8 22.
Be6+ Kh8 23. c6 Nf6 24. Bxc8 Raxc8 25. bxa5 Qg7 26. Rb7 Qh6 27. Qf3 fxg3 28.
hxg3 Nxd5 29. Qxf8+ Qxf8 30. Nxd5 Qf3 31. Rxa7 Qxe4 32. Ncb4 Bd2 33. Rb7 Rf8
34. a6 Be1 35. a7 Bxf2+ 36. Kh2 Qf3 37. Rxf2 Qxf2+ 38. Kh3 Qf1+ 39. Kh4 Qh1+
0-1

[Event "First Saturday IM-A May2013"]
[Site "Budapest"]
[Date "2013.05.09"]
[Round "6.2"]
[White "Radlovacki, Jovan"]
[Black "Krumpacnik, Domen"]
[Result "1/2-1/2"]
[WhiteElo "2423"]
[BlackElo "2327"]
[PlyCount "29"]
[EventDate "2013.05.04"]

1. d4 Nf6 2. Nf3 e6 3. Bg5 c5 4. e3 Qb6 5. Qc1 d5 6. Nbd2 Nc6 7. c3 Bd7 8. Bd3
Rc8 9. Qb1 cxd4 10. exd4 Na5 11. O-O Bb5 12. Bxb5+ Qxb5 13. Re1 Be7 14. Ne5 O-O
15. a4 1/2-1/2

[Event "First Saturday IM-A May2013"]
[Site "Budapest"]
[Date "2013.05.09"]
[Round "6.3"]
[White "Silapov, Azat"]
[Black "Lyell, Mark"]
[Result "1-0"]
[WhiteElo "2307"]
[BlackElo "2227"]
[PlyCount "101"]
[EventDate "2013.05.04"]

1. e4 c6 2. d3 d5 3. Nd2 e5 4. Ngf3 Bd6 5. Be2 f5 6. c3 Nf6 7. Qc2 O-O 8. O-O
fxe4 9. dxe4 Bg4 10. Re1 Nbd7 11. exd5 cxd5 12. Ng5 e4 13. Nf1 h6 14. f3 Bf5
15. fxe4 Nxe4 16. Nxe4 Bxe4 17. Bd3 Qh4 18. g3 Bc5+ 19. Be3 Qe7 20. Bxe4 dxe4
21. Bd4 Bxd4+ 22. cxd4 Nf6 23. Ne3 Rad8 24. Rad1 Qb4 25. a3 Qb6 26. Qc4+ Kh7
27. Rd2 Rd7 28. Kg2 Rfd8 29. d5 Rc7 30. Qe2 Qb3 31. Red1 Rc5 32. d6 Rd7 33. h3
Qe6 34. Qf2 Rc6 35. Nf5 Qe5 36. Re2 Rc5 37. b4 Rc3 38. Re3 Rxe3 39. Nxe3 b5 40.
Qf4 Qb2+ 41. Kg1 Qxa3 42. Ng4 Qf3 43. Qxf3 exf3 44. Ne5 Rd8 45. d7 Kg8 46. Kf2
Ne4+ 47. Kxf3 Ng5+ 48. Kg4 Nh7 49. Kf5 Nf8 50. Ke4 Nh7 51. Rd6 1-0

[Event "First Saturday IM-A May2013"]
[Site "Budapest"]
[Date "2013.05.09"]
[Round "6.4"]
[White "Aryan, Chopra"]
[Black "Petran, Pal"]
[Result "1/2-1/2"]
[WhiteElo "2120"]
[BlackElo "2317"]
[PlyCount "64"]
[EventDate "2013.05.04"]

1. e4 e5 2. Nf3 Nc6 3. Bb5 a6 4. Ba4 Nf6 5. O-O Be7 6. Re1 b5 7. Bb3 d6 8. c3
O-O 9. h3 Na5 10. Bc2 c5 11. d4 Qc7 12. Nbd2 cxd4 13. cxd4 Nc6 14. d5 Nb4 15.
Bb1 a5 16. Nf1 Bd7 17. a3 Na6 18. Ng3 g6 19. Bg5 Kg7 20. Qd2 Ng8 21. Bxe7 Nxe7
22. Nxe5 dxe5 23. d6 Qd8 24. dxe7 Qxe7 25. Qxa5 Nc5 26. Qc3 Na4 27. Qd2 Be6 28.
Bd3 Rfd8 29. Qe2 b4 30. Bb5 Nc5 31. Bc4 Bxc4 32. Qxc4 Nd3 1/2-1/2

[Event "First Saturday IM-A May2013"]
[Site "Budapest"]
[Date "2013.05.09"]
[Round "6.5"]
[White "Amdouni, Zoubaier"]
[Black "Bayramgeldiyev, Yusup"]
[Result "1-0"]
[WhiteElo "2249"]
[BlackElo "2250"]
[PlyCount "81"]
[EventDate "2013.05.04"]

1. e4 e5 2. Bc4 Nc6 3. d3 Bc5 4. Nc3 Nf6 5. f4 d6 6. Nf3 O-O 7. f5 Na5 8. Bg5
c6 9. Qe2 Bd4 10. Bb3 Re8 11. Nd1 Nxb3 12. axb3 Bd7 13. Bh4 Bc5 14. g4 d5 15.
Nd2 h6 16. Nc3 d4 17. Nd1 Be7 18. Bg3 Bb4 19. c3 dxc3 20. bxc3 Bd6 21. h4 g6
22. Bf2 Kh7 23. Nf3 gxf5 24. gxf5 Rg8 25. Ne3 Qe7 26. Nc4 Bc7 27. b4 b6 28. Be3
Rg3 29. Qf2 Rgg8 30. Qe2 a5 31. bxa5 bxa5 32. Bc1 Rg3 33. Ba3 Qe8 34. Kf2 Rg8
35. Rag1 Rb8 36. Rxg8 Nxg8 37. Ng5+ Kh8 38. Qh5 Kg7 39. Rg1 Ne7 40. Ne6+ Kf6
41. Qg5+ 1-0